[Event "GRE-ch Online Blitz op 1st"]
[Site "Tornelo INT"]
[Date "2021.02.07"]
[Round "6"]
[White "Dionysopoulos, Zacharias"]
[Black "Avdeliodis, Ioannis"]
[Result "0-1"]
[WhiteElo "1871"]
[BlackElo "1354"]
[PlyCount "48"]
[EventDate "2021.02.07"]
[EventType "swiss (blitz)"]
[EventRounds "16"]
[EventCountry "GRE"]
[SourceTitle "EXT 2023"]
[Source "ChessBase"]
[SourceDate "2022.10.05"]
[SourceVersion "1"]
[SourceVersionDate "2022.10.05"]
[SourceQuality "1"]

1. e4 d5 2. exd5 Nf6 3. Nf3 e6 4. dxe6 Bxe6 5. d4 c5 6. Bb5+ Nc6 7. 0-0 Qb6 8. Ba4 Rd8 9. Ne5 Rxd4 10. Qf3 Rxa4 11. Nxc6 Qxc6 12. Qe2 Re4 13. Be3 Ng4 14. Nc3 Re5 15. Rad1 Be7 16. Qd3 0-0 17. Bf4 Rh5 18. Bg3 Nf6 19. Rfe1 Nd5 20. Ne4 a6 21. c3 h6 22. Qe2 Rf5 23. Nd2 Nf4 24. Qe3 Qxg2# 0-1

[Event "GRE-ch Online Blitz op 1st"]
[Site "Tornelo INT"]
[Date "2021.02.07"]
[Round "8"]
[White "Dionysopoulos, Zacharias"]
[Black "Koutlas, Nikolaos"]
[Result "0-1"]
[WhiteElo "1871"]
[BlackElo "1525"]
[PlyCount "50"]
[EventDate "2021.02.07"]
[EventType "swiss (blitz)"]
[EventRounds "16"]
[EventCountry "GRE"]
[SourceTitle "EXT 2023"]
[Source "ChessBase"]
[SourceDate "2022.10.05"]
[SourceVersion "1"]
[SourceVersionDate "2022.10.05"]
[SourceQuality "1"]

1. e4 e6 2. d4 d5 3. Nd2 c5 4. exd5 exd5 5. Ngf3 Nf6 6. Bb5+ Nc6 7. 0-0 Be7 8. dxc5 Bxc5 9. Re1+ Be6 10. Nb3 Bb6 11. Nbd4 0-0 12. Bg5 Qd6 13. Bxf6 gxf6 14. Qd3 Kh8 15. c3 Rg8 16. Ba4 Ne5 17. Qd2 Bg4 18. Nh4 Bc7 19. g3 a6 20. Ndf5 Qc5 21. Qh6 Qb6 22. Bc2 Bh3 23. Ne7 Qxf2+ 24. Kxf2 Ng4+ 25. Kg1 Bb6+ 0-1

[Event "GRE-ch Online Blitz op 1st"]
[Site "Tornelo INT"]
[Date "2021.02.07"]
[Round "16"]
[White "Dionysopoulos, Zacharias"]
[Black "Stamatiou, Rodolfos"]
[Result "0-1"]
[WhiteElo "1871"]
[BlackElo "1853"]
[PlyCount "122"]
[EventDate "2021.02.07"]
[EventType "swiss (blitz)"]
[EventRounds "16"]
[EventCountry "GRE"]
[SourceTitle "EXT 2023"]
[Source "ChessBase"]
[SourceDate "2022.10.05"]
[SourceVersion "1"]
[SourceVersionDate "2022.10.05"]
[SourceQuality "1"]

1. e4 c5 2. Nf3 e6 3. g3 Nc6 4. Bg2 Nf6 5. e5 Ng4 6. 0-0 Ngxe5 7. Nxe5 Nxe5 8. d4 cxd4 9. Qxd4 Nc6 10. Qg4 h5 11. Qe2 h4 12. Nc3 Be7 13. Bf4 g5 14. Be3 Qa5 15. Rad1 d5 16. Bd2 Qa6 17. Nb5 Qb6 18. Bc3 Rg8 19. Rfe1 a6 20. Nd4 Bd7 21. Nxc6 bxc6 22. Bd4 Bc5 23. Bf6 Rg6 24. Be5 0-0-0 25. b4 Be7 26. c4 hxg3 27. hxg3 Bf6 28. c5 Qb5 29. Qe3 Bxe5 30. Qxe5 f6 31. Qd6 Qb8 32. Qe7 Re8 33. Qf7 Reg8 34. Bf1 Qc7 35. Bxa6+ Kb8 36. Qh7 R8g7 37. Qh5 f5 38. Qe2 f4 39. g4 Rh7 40. Qe5 Rgh6 41. Re2 Rh1+ 42. Kg2 Rxd1 43. Qf6 Rhh1 44. Kf3 Rh3+ 45. Kg2 f3+ 46. Kxh3 fxe2 47. Qf8+ Ka7 48. Bxe2 Rh1+ 49. Kg2 Qh2+ 50. Kf3 Qf4+ 51. Qxf4 gxf4 52. Kxf4 e5+ 53. Kxe5 Re1 54. Kd6 Rxe2 55. Kxd7 Kb7 56. f4 d4 57. f5 d3 58. b5 cxb5 59. c6+ Kb6 60. c7 d2 61. c8Q d1Q# 0-1

[Event "GRE-ch Online Blitz op 1st"]
[Site "Tornelo INT"]
[Date "2021.02.07"]
[Round "3"]
[White "Kyriakidis, Orestis"]
[Black "Dionysopoulos, Zacharias"]
[Result "0-1"]
[WhiteElo "1258"]
[BlackElo "1871"]
[PlyCount "54"]
[EventDate "2021.02.07"]
[EventType "swiss (blitz)"]
[EventRounds "16"]
[EventCountry "GRE"]
[SourceTitle "EXT 2023"]
[Source "ChessBase"]
[SourceDate "2022.10.05"]
[SourceVersion "1"]
[SourceVersionDate "2022.10.05"]
[SourceQuality "1"]

1. d4 d5 2. Nf3 Nf6 3. g3 b5 4. Bg2 Bb7 5. 0-0 e6 6. b3 b4 7. Bb2 a5 8. Nbd2 Nbd7 9. Ne5 Nxe5 10. dxe5 Nd7 11. e4 Nc5 12. exd5 Bxd5 13. Bxd5 Qxd5 14. f4 Rd8 15. Nc4 Qa8 16. Qe2 Ne4 17. Rad1 Bc5+ 18. Ne3 0-0 19. Rd3 Qa7 20. Rfd1 Bxe3+ 21. Rxe3 Rxd1+ 22. Qxd1 Qxe3+ 23. Kg2 Qf2+ 24. Kh3 Qxf4 25. Qd4 Ng5+ 26. Kg2 Qf3+ 27. Kg1 Nh3# 0-1

[Event "GRE-ch Online Rapid op 1st"]
[Site "Tornelo INT"]
[Date "2021.02.06"]
[Round "5"]
[White "Cheiladakis, Vasileios"]
[Black "Dionysopoulos, Zacharias"]
[Result "1/2-1/2"]
[WhiteElo "1329"]
[BlackElo "1848"]
[PlyCount "141"]
[EventDate "2021.02.06"]
[EventType "swiss (rapid)"]
[EventRounds "8"]
[EventCountry "GRE"]
[SourceTitle "EXT 2023"]
[Source "ChessBase"]
[SourceDate "2022.10.05"]
[SourceVersion "1"]
[SourceVersionDate "2022.10.05"]
[SourceQuality "1"]

1. e4 c5 2. Nf3 d6 3. d4 cxd4 4. Nxd4 Nf6 5. Nc3 a6 6. Be2 e5 7. Nb3 Be7 8. 0-0 0-0 9. Re1 Be6 10. Bg5 Nbd7 11. Qd2 h6 12. Bxf6 Nxf6 13. Bf3 Rc8 14. Rad1 Qc7 15. g3 Rfd8 16. Bg2 b5 17. Rc1 b4 18. Nd1 Qb6 19. Qe3 Qb8 20. h3 Qb5 21. Kh2 Rd7 22. f4 Rdc7 23. Re2 a5 24. f5 Bxb3 25. axb3 Ng4+ 26. hxg4 Bg5 27. Qf2 Bxc1 28. Bf1 Qc5 29. Qxc5 Rxc5 30. c3 bxc3 31. bxc3 Bg5 32. c4 Rb8 33. Rb2 a4 34. b4 a3 35. Ra2 Rxb4 36. Rxa3 Rb1 37. Rd3 Ra5 38. Kg1 Kf8 39. Rxd6 Raa1 40. Be2 Be3+ 41. Kg2 Bd4 42. Rd8+ Ke7 43. Rc8 Ra2 44. Kf1 Raa1 45. c5 Rxd1+ 46. Bxd1 Rxd1+ 47. Ke2 Rg1 48. Kf3 Rf1+ 49. Ke2 Rf2+ 50. Kd3 Rf3+ 51. Kc4 Rxg3 52. Kd5 Bxc5 53. Rxc5 Rxg4 54. Kxe5 f6+ 55. Kd5 Kd7 56. Ra5 Kc7 57. e5 fxe5 58. Kxe5 Rg1 59. Ra7+ Kb6 60. Rf7 h5 61. f6 g5 62. Rh7 h4 63. f7 Rf1 64. Rg7 h3 65. Rxg5 Rxf7 66. Rh5 Rf3 67. Ke4 Rb3 68. Kf4 Kc6 69. Kg4 h2 70. Rxh2 Rb4+ 71. Kg3 1/2-1/2

[Event "GRE-ch Online Rapid op 1st"]
[Site "Tornelo INT"]
[Date "2021.02.06"]
[Round "6"]
[White "Dionysopoulos, Zacharias"]
[Black "Gioras, Ioannis"]
[Result "0-1"]
[WhiteElo "1848"]
[BlackElo "1569"]
[PlyCount "92"]
[EventDate "2021.02.06"]
[EventType "swiss (rapid)"]
[EventRounds "8"]
[EventCountry "GRE"]
[SourceTitle "EXT 2023"]
[Source "ChessBase"]
[SourceDate "2022.10.05"]
[SourceVersion "1"]
[SourceVersionDate "2022.10.05"]
[SourceQuality "1"]

1. Nf3 c5 2. g3 g6 3. Bg2 Bg7 4. 0-0 Nc6 5. c3 d6 6. d4 cxd4 7. cxd4 Nf6 8. Nc3 0-0 9. h3 d5 10. Bf4 a6 11. Rc1 Bd7 12. Ne5 e6 13. Nf3 b5 14. b3 Rc8 15. Nb1 Ne4 16. Nc3 Nxc3 17. Rxc3 Qb6 18. Be3 b4 19. Rc1 Na7 20. Qd2 a5 21. Rc5 Nb5 22. Rxc8 Bxc8 23. Bh6 Ba6 24. Bxg7 Kxg7 25. Re1 Nc3 26. h4 h6 27. Ne5 Qd8 28. a3 Qc7 29. axb4 axb4 30. Bf3 h5 31. Ra1 Bb5 32. Kh2 Rc8 33. Kg2 Qb6 34. g4 f6 35. Nd3 hxg4 36. Bxg4 Qxd4 37. Bf3 Bxd3 38. exd3 Rc7 39. Ra8 Qxh4 40. Qe1 Re7 41. Rb8 g5 42. Qe3 g4 43. Be2 Qh3+ 44. Qxh3 gxh3+ 45. Kf3 Nxe2 46. Kxe2 h2 0-1

[Event "Petroupoli Dias CM 4th"]
[Site "Petroupoli"]
[Date "2020.02.06"]
[Round "4"]
[White "Dionysopoulos, Zacharias"]
[Black "Stamatiou, Rodolfos"]
[Result "1-0"]
[WhiteElo "1937"]
[BlackElo "2118"]
[PlyCount "79"]
[EventDate "2020.01.16"]
[EventType "tourn"]
[EventRounds "9"]
[EventCountry "GRE"]
[SourceTitle "EXT 2021"]
[Source "ChessBase"]
[SourceDate "2020.10.23"]
[SourceVersion "1"]
[SourceVersionDate "2020.10.23"]
[SourceQuality "1"]

1. e4 c5 2. Nf3 d6 3. Bb5+ Nd7 4. 0-0 a6 5. Bd3 Ngf6 6. Re1 b5 7. c4 Bb7 8. Nc3 b4 9. Nd5 e6 10. Nxf6+ Qxf6 11. Bc2 g5 12. d3 g4 13. Nd2 h5 14. Ba4 0-0-0 15. Bxd7+ Rxd7 16. a3 d5 17. cxd5 exd5 18. e5 Qg6 19. axb4 cxb4 20. Nb3 g3 21. fxg3 h4 22. Bf4 hxg3 23. Bxg3 Qb6+ 24. d4 Bh6 25. Nc5 Rc7 26. Qg4+ Kb8 27. e6 Ka7 28. Bxc7 Qxc7 29. e7 Re8 30. Qe2 Qd6 31. Nxb7 Kxb7 32. Qe5 Bf4 33. Qxd6 Bxd6 34. Ra5 Rxe7 35. Rxe7+ Bxe7 36. Rxd5 Kc6 37. Rf5 f6 38. h4 Kd6 39. h5 Ke6 40. Ra5 1-0

[Event "Petroupoli Dias CM 4th"]
[Site "Petroupoli"]
[Date "2020.01.23"]
[Round "2"]
[White "Stavropoulos, Konstantinos"]
[Black "Dionysopoulos, Zacharias"]
[Result "1-0"]
[WhiteElo "2071"]
[BlackElo "1937"]
[PlyCount "88"]
[EventDate "2020.01.16"]
[EventType "tourn"]
[EventRounds "9"]
[EventCountry "GRE"]
[SourceTitle "EXT 2021"]
[Source "ChessBase"]
[SourceDate "2020.10.23"]
[SourceVersion "1"]
[SourceVersionDate "2020.10.23"]
[SourceQuality "1"]

1. d4 d5 2. c4 c6 3. cxd5 cxd5 4. Bf4 Nf6 5. Nc3 a6 6. e3 Nc6 7. Be2 Qb6 8. a3 h6 9. Na4 Qd8 10. Rc1 g5 11. Be5 Bg7 12. Qb3 Qa5+ 13. Nc3 e6 14. Bd6 Ne4 15. Bb4 Nxb4 16. axb4 Qc7 17. b5 Bd7 18. Nf3 Nxc3 19. b6 Qd6 20. Rxc3 Bc6 21. 0-0 0-0 22. Rfc1 Rfb8 23. Qa3 Bf8 24. Ne5 Qxe5 25. dxe5 Bxa3 26. bxa3 Kg7 27. g3 f6 28. f4 fxe5 29. fxe5 Rc8 30. Bg4 Re8 31. Rf1 Rac8 32. Rf6 Bd7 33. Rxc8 Bxc8 34. h4 gxh4 35. gxh4 Bd7 36. h5 Re7 37. Rg6+ Kh7 38. Kf2 Rf7+ 39. Ke1 Re7 40. Kd2 Re8 41. Kd3 a5 42. Kd4 Rc8 43. Bxe6 Rc4+ 44. Kxd5 Bxe6+ 1-0

[Event "Petroupoli Dias CM 2nd"]
[Site "Petroupoli"]
[Date "2019.05.09"]
[Round "5"]
[White "Abelakiotis, Stavros"]
[Black "Dionysopoulos, Zacharias"]
[Result "1-0"]
[WhiteElo "1950"]
[BlackElo "1911"]
[PlyCount "53"]
[EventDate "2019.04.04"]
[EventType "tourn"]
[EventRounds "9"]
[EventCountry "GRE"]
[SourceTitle "EXT 2020"]
[Source "ChessBase"]
[SourceDate "2019.10.17"]
[SourceVersion "1"]
[SourceVersionDate "2019.10.17"]
[SourceQuality "1"]

1. e4 c5 2. Nf3 d6 3. d4 cxd4 4. Nxd4 Nf6 5. Nc3 a6 6. Bd3 Nc6 7. Nxc6 bxc6 8. 0-0 g6 9. b3 Bg7 10. Bb2 Qa5 11. Na4 0-0 12. c4 Ne8 13. Bxg7 Nxg7 14. c5 Be6 15. Rc1 d5 16. Qe2 Rfe8 17. Rfd1 Nh5 18. g3 Nf6 19. Nb6 Ra7 20. exd5 cxd5 21. Qb2 Qb4 22. f3 d4 23. Bf1 d3 24. Rxd3 Qb5 25. Rd6 exd6 26. Bxb5 axb5 27. Qxf6 1-0

[Event "Petroupoli Dias CM 1st"]
[Site "Petroupoli"]
[Date "2019.03.21"]
[Round "9"]
[White "Rahmanidis, Petros"]
[Black "Dionysopoulos, Zacharias"]
[Result "1-0"]
[WhiteElo "2095"]
[BlackElo "1881"]
[PlyCount "85"]
[EventDate "2019.01.24"]
[EventType "tourn"]
[EventRounds "9"]
[EventCountry "GRE"]
[SourceTitle "EXT 2021"]
[Source "ChessBase"]
[SourceDate "2020.10.23"]
[SourceVersion "1"]
[SourceVersionDate "2020.10.23"]
[SourceQuality "1"]

1. e4 c5 2. Nf3 d6 3. d4 cxd4 4. Nxd4 Nf6 5. Nc3 a6 6. Bg5 e6 7. f4 h6 8. Bh4 Qb6 9. a3 Nc6 10. Bf2 Nxd4 11. Bxd4 Qc7 12. Bxf6 gxf6 13. Qf3 Be7 14. 0-0-0 Bd7 15. f5 0-0-0 16. g3 Qc5 17. Bh3 Kb8 18. Rhe1 h5 19. fxe6 fxe6 20. Ne2 Rc8 21. Qb3 h4 22. Nf4 hxg3 23. hxg3 f5 24. exf5 Bg5 25. Bg2 Bb5 26. fxe6 Qf2 27. Be4 Rh3 28. Qd5 Bxf4+ 29. gxf4 Qxf4+ 30. Kb1 Rc6 31. e7 Rh8 32. Qd4 Rcc8 33. Qxd6+ Qxd6 34. Rxd6 Kc7 35. Rd4 Rh6 36. a4 Be8 37. Bf5 Rb8 38. Red1 Rh8 39. b3 Bc6 40. Bd7 Bxd7 41. Rxd7+ Kb6 42. R1d6+ Ka7 43. Rd8 1-0

[Event "Petroupoli Dias CM 1st"]
[Site "Petroupoli"]
[Date "2019.02.14"]
[Round "4"]
[White "Dionysopoulos, Zacharias"]
[Black "Kesoglou, Konstantinos"]
[Result "1/2-1/2"]
[WhiteElo "1881"]
[BlackElo "1956"]
[PlyCount "102"]
[EventDate "2019.01.24"]
[EventType "tourn"]
[EventRounds "9"]
[EventCountry "GRE"]
[SourceTitle "EXT 2021"]
[Source "ChessBase"]
[SourceDate "2020.10.23"]
[SourceVersion "1"]
[SourceVersionDate "2020.10.23"]
[SourceQuality "1"]

1. e4 c5 2. Nf3 Nc6 3. Bb5 e6 4. Bxc6 dxc6 5. d3 Nf6 6. a4 b6 7. 0-0 Be7 8. Re1 0-0 9. b3 Qc7 10. Qe2 e5 11. h3 Ne8 12. Bb2 f6 13. Nbd2 g6 14. c3 Ba6 15. Nf1 Rd8 16. Red1 Ng7 17. Qe3 Ne6 18. g3 Rd7 19. Rd2 Rfd8 20. Rad1 Qc8 21. h4 Bf8 22. N1h2 h5 23. c4 Nd4 24. Nxd4 cxd4 25. Qe2 Bh6 26. Rc2 Rg7 27. Bc1 Bxc1 28. Rdxc1 c5 29. a5 Qc6 30. axb6 axb6 31. Ra2 Bb7 32. Nf3 Re8 33. b4 cxb4 34. Rb1 f5 35. Ng5 b5 36. Rxb4 bxc4 37. Rxc4 Qb6 38. Rb2 Qa6 39. Rc1 fxe4 40. Nxe4 Bxe4 41. Qxe4 Qa8 42. Qe2 Qd5 43. Qd2 Kh7 44. Re1 e4 45. dxe4 Rxe4 46. Rxe4 Qxe4 47. Qe2 Qd5 48. Rb8 Ra7 49. Kh2 Rf7 50. Kg1 Ra7 51. Kh2 Rf7 1/2-1/2

[Event "Petroupoli Dias CM 1st"]
[Site "Petroupoli"]
[Date "2019.02.07"]
[Round "3"]
[White "Dionysopoulos, Zacharias"]
[Black "Kofidis, Andreas"]
[Result "0-1"]
[WhiteElo "1881"]
[BlackElo "2297"]
[PlyCount "80"]
[EventDate "2019.01.24"]
[EventType "tourn"]
[EventRounds "9"]
[EventCountry "GRE"]
[SourceTitle "EXT 2021"]
[Source "ChessBase"]
[SourceDate "2020.10.23"]
[SourceVersion "1"]
[SourceVersionDate "2020.10.23"]
[SourceQuality "1"]

1. e4 e5 2. Nf3 Nc6 3. Bc4 Be7 4. d4 exd4 5. Nxd4 d6 6. Nc3 Nf6 7. 0-0 0-0 8. h3 Bd7 9. Be3 a6 10. a4 Re8 11. f4 Bf8 12. Nf3 h6 13. Qd3 Nb4 14. Qd2 d5 15. exd5 Rxe3 16. Qxe3 Nxc2 17. Qd2 Bc5+ 18. Kh2 Nxa1 19. Rxa1 Bf5 20. Ne5 Qd6 21. Ba2 Bb4 22. g3 Rd8 23. Rd1 Kf8 24. Qe2 Re8 25. Qc4 Bxc3 26. Qxc3 Ne4 27. Qd4 f6 28. Nd3 c5 29. Qc4 Bd7 30. Qc2 b5 31. axb5 axb5 32. Nf2 Bf5 33. Nxe4 Bxe4 34. Qd2 c4 35. Qd4 Bf3 36. Ra1 Re4 37. Qa7 Re2+ 38. Kg1 Qxd5 39. Qb8+ Kf7 40. Bxc4 Rg2+ 0-1

[Event "Nikaia op 25th"]
[Site "Nikaia"]
[Date "2017.08.30"]
[Round "5"]
[White "Megalios, Konstantinos"]
[Black "Dionysopoulos, Zacharias"]
[Result "1-0"]
[WhiteElo "2233"]
[BlackElo "1963"]
[PlyCount "125"]
[EventDate "2017.08.26"]
[EventType "swiss"]
[EventRounds "9"]
[EventCountry "GRE"]
[SourceTitle "CBM 180 Extra"]
[Source "ChessBase"]
[SourceDate "2017.10.06"]
[SourceVersion "1"]
[SourceVersionDate "2017.10.06"]
[SourceQuality "1"]

1. c4 c6 2. e4 d5 3. exd5 cxd5 4. d4 Nf6 5. Nc3 Nc6 6. Nf3 Bg4 7. cxd5 Bxf3 8. Qxf3 Nxd4 9. Qd1 e5 10. dxe6 Nxe6 11. Bb5+ Nd7 12. 0-0 a6 13. Be2 Nf6 14. Bf3 Qxd1 15. Rxd1 Rc8 16. Nd5 Nxd5 17. Rxd5 Bc5 18. Bd2 0-0 19. Bc3 b6 20. Rad1 a5 21. a3 Rfd8 22. Kf1 Rxd5 23. Rxd5 Rd8 24. Rxd8+ Nxd8 25. Bd5 Kf8 26. g3 f6 27. Ke2 Ke7 28. f4 Ne6 29. Kf3 Nc7 30. Bg8 Nb5 31. Bd2 h6 32. Ke4 Kd6 33. Bc4 Nc7 34. Kf5 Ke7 35. Kg6 Kf8 36. g4 Ne8 37. Bd3 Nc7 38. Bc4 Ne8 39. h3 Nd6 40. Bd3 Nc8 41. Kf5 Ke7 42. g5 Nd6+ 43. Kg6 fxg5 44. fxg5 hxg5 45. Bxg5+ Kf8 46. Bf4 Ne8 47. Be5 Bf2 48. Bb5 Nf6 49. Bd6+ Kg8 50. Bc4+ Kh8 51. Be5 Ne8 52. a4 Bh4 53. Kf7 Nf6 54. Bd3 Bf2 55. Bg6 Be3 56. b3 Bf2 57. Bd3 Be3 58. Kg6 Kg8 59. Bc4+ Kh8 60. Bf7 Bf2 61. Bc3 Be3 62. h4 Bh6 63. Bxf6 1-0

[Event "Nikaia op 25th"]
[Site "Nikaia"]
[Date "2017.08.27"]
[Round "2"]
[White "Dionysopoulos, Zacharias"]
[Black "Skaperdas, Kostantinos"]
[Result "0-1"]
[WhiteElo "1963"]
[BlackElo "2200"]
[PlyCount "81"]
[EventDate "2017.08.26"]
[EventType "swiss"]
[EventRounds "9"]
[EventCountry "GRE"]
[SourceTitle "CBM 180 Extra"]
[Source "ChessBase"]
[SourceDate "2017.10.06"]
[SourceVersion "1"]
[SourceVersionDate "2017.10.06"]
[SourceQuality "1"]

1. e4 e6 2. d4 d5 3. Nd2 Be7 4. e5 c5 5. c3 cxd4 6. cxd4 Qb6 7. Ngf3 Nc6 8. Nb3 a5 9. Bd3 a4 10. Nbd2 Bd7 11. 0-0 Nxd4 12. Nxd4 Qxd4 13. Nf3 Qb6 14. Qe2 Bc5 15. Ng5 Nh6 16. Bxh7 Bb5 17. Bd3 Bxd3 18. Qxd3 Ng4 19. Qg3 Nxh2 20. Rd1 Bxf2+ 21. Qxf2 Nf3+ 22. Nxf3 Rh1+ 23. Kxh1 Qxf2 24. Bf4 Qxb2 25. Rab1 Qxa2 26. Rxb7 Qc2 27. Rc1 Qf5 28. Be3 a3 29. Bd4 a2 30. Ba1 g5 31. Rf1 g4 32. Nh2 Qg6 33. Rb4 Qh7 34. Kg1 g3 35. Ng4 Kd8 36. Rbf4 Ra7 37. Rb4 Kc8 38. Bd4 Rb7 39. Rc1+ Kb8 40. Rxb7+ Kxb7 41. Ne3 0-1

[Event "Athens Iraklion op 17th"]
[Site "Athens"]
[Date "2014.06.17"]
[Round "4"]
[White "Dionysopoulos, Zacharias"]
[Black "Fessas, Prokopios"]
[Result "1-0"]
[WhiteElo "2051"]
[BlackElo "1994"]
[PlyCount "105"]
[EventDate "2014.06.14"]
[EventType "swiss"]
[EventRounds "9"]
[EventCountry "GRE"]
[SourceTitle "EXT 2015"]
[Source "ChessBase"]
[SourceDate "2014.11.20"]
[SourceVersion "1"]
[SourceVersionDate "2014.11.20"]
[SourceQuality "1"]

1. e4 c6 2. d4 d5 3. Nc3 dxe4 4. Nxe4 Bf5 5. Ng3 Bg6 6. h4 h6 7. Nf3 Nd7 8. h5 Bh7 9. Bd3 Bxd3 10. Qxd3 e6 11. Bf4 Qa5+ 12. Bd2 Bb4 13. c3 Be7 14. a3 Ngf6 15. c4 Qc7 16. Ne4 Nxe4 17. Qxe4 Nf6 18. Qe2 Rd8 19. g3 0-0 20. g4 Nxg4 21. Rg1 f5 22. Qxe6+ Kh8 23. Ne5 Nxe5 24. dxe5 Rde8 25. Rxg7 Kxg7 26. Qxh6+ Kg8 27. 0-0-0 Bg5 28. Rg1 Rf7 29. Qg6+ Kf8 30. Qxg5 Rg7 31. Qxf5+ Kg8 32. Rxg7+ Qxg7 33. h6 Qf7 34. Qg4+ Kh7 35. Qe4+ Qg6 36. Qd4 Qg1+ 37. Kc2 Qg6+ 38. Kc3 Qe6 39. Qd3+ Kh8 40. Be3 a6 41. Qd6 Kh7 42. Qxe6 Rxe6 43. Kd4 Kg6 44. Ke4 Re8 45. f4 Kxh6 46. f5+ Kg7 47. e6 Kf6 48. Bd4+ Ke7 49. Ke5 Rh8 50. f6+ Kd8 51. Bb6+ Kc8 52. f7 Rh5+ 53. Kf6 1-0

[Event "Petroupoli ASOP Dias op"]
[Site "Petroupoli"]
[Date "2014.04.02"]
[Round "6.15"]
[White "Katopodis, Ioannis"]
[Black "Dionysopoulos, Zacharias"]
[Result "0-1"]
[WhiteElo "1746"]
[BlackElo "2044"]
[PlyCount "80"]
[EventDate "2014.02.26"]
[EventType "swiss"]
[EventRounds "7"]
[EventCountry "GRE"]
[SourceTitle "EXT 2024"]
[Source "ChessBase"]
[SourceDate "2023.10.10"]
[SourceVersion "1"]
[SourceVersionDate "2023.10.10"]
[SourceQuality "1"]

1. c4 e6 2. g3 d5 3. Bg2 c6 4. b3 Nf6 5. Bb2 Be7 6. Nf3 Nbd7 7. 0-0 0-0 8. d3 a5 9. Nbd2 a4 10. Qc2 a3 11. Bc3 b6 12. Rac1 Bb7 13. Rfd1 Qb8 14. e4 Rd8 15. d4 Nxe4 16. Nxe4 dxe4 17. Qxe4 c5 18. Qe2 Bf6 19. Rd2 cxd4 20. Bxd4 Qc7 21. Bxf6 gxf6 22. Nd4 Bxg2 23. Kxg2 Ne5 24. f4 Qb7+ 25. Kf2 Nc6 26. Nb5 Rxd2 27. Qxd2 Rd8 28. Qe2 Nb4 29. Rd1 Rxd1 30. Qxd1 Qe4 31. Qd2 Nd3+ 32. Kg1 e5 33. fxe5 Nxe5 34. Qf2 Ng4 35. Qd2 Ne5 36. Qf2 Nf3+ 37. Kh1 Ng5+ 38. Qg2 Qb1+ 39. Qg1 Qxa2 40. Qd1 Qf2 0-1

[Event "Petroupoli ASOP Dias op"]
[Site "Petroupoli"]
[Date "2014.03.19"]
[Round "4.15"]
[White "Dionysopoulos, Zacharias"]
[Black "Pahidis, Konstantinos"]
[Result "1-0"]
[WhiteElo "2044"]
[BlackElo "1732"]
[PlyCount "115"]
[EventDate "2014.02.26"]
[EventType "swiss"]
[EventRounds "7"]
[EventCountry "GRE"]
[SourceTitle "EXT 2024"]
[Source "ChessBase"]
[SourceDate "2023.10.10"]
[SourceVersion "1"]
[SourceVersionDate "2023.10.10"]
[SourceQuality "1"]

1. e4 Nf6 2. e5 Nd5 3. d4 d6 4. exd6 exd6 5. Nf3 Bg4 6. Be2 Be7 7. 0-0 0-0 8. h3 Bf5 9. Na3 Nd7 10. Nc4 N7f6 11. Nh4 Be6 12. Bd3 Nb4 13. Be2 Nfd5 14. Nf3 h6 15. c3 Nc6 16. Ne3 Nxe3 17. fxe3 d5 18. Bd3 f5 19. Bd2 a6 20. b3 Qd7 21. Qc2 Kh8 22. a4 g5 23. c4 g4 24. cxd5 Bxd5 25. hxg4 fxg4 26. Nh2 Nb4 27. Bxb4 Bxb4 28. e4 g3 29. Nf3 Be6 30. d5 Bg4 31. Nh4 Qg7 32. e5 Bh5 33. Qc4 Qe7 34. d6 Qxe5 35. Qxb4 Qe3+ 36. Kh1 Qxd3 37. Rfe1 Qxd6 38. Qc3+ Qf6 39. Qxg3 Rae8 40. Rf1 Qg7 41. Qh2 Bg6 42. Rac1 Rxf1+ 43. Rxf1 Bd3 44. Rc1 c6 45. Qd6 Be4 46. Re1 Qf7 47. Qxh6+ Bh7 48. Rd1 Qg7 49. Qf4 Rf8 50. Qd6 Bc2 51. Re1 Bxb3 52. Ng6+ Kg8 53. Nxf8 Qxf8 54. Qg6+ Kh8 55. Re8 Qxe8 56. Qxe8+ Bg8 57. Qe5+ Kh7 58. Qc7+ 1-0

[Event "Petroupoli ASOP Dias op"]
[Site "Petroupoli"]
[Date "2014.02.26"]
[Round "1.15"]
[White "Giannopoulos, Antonios"]
[Black "Dionysopoulos, Zacharias"]
[Result "0-1"]
[WhiteElo "1840"]
[BlackElo "2044"]
[PlyCount "74"]
[EventDate "2014.02.26"]
[EventType "swiss"]
[EventRounds "7"]
[EventCountry "GRE"]
[SourceTitle "EXT 2024"]
[Source "ChessBase"]
[SourceDate "2023.10.10"]
[SourceVersion "1"]
[SourceVersionDate "2023.10.10"]
[SourceQuality "1"]

1. d4 d5 2. c4 c6 3. Nf3 Nf6 4. Nc3 e6 5. Bg5 dxc4 6. e4 b5 7. e5 h6 8. Bh4 g5 9. Nxg5 hxg5 10. Bxg5 Nbd7 11. exf6 Bb7 12. g3 c5 13. d5 Qb6 14. Bg2 0-0-0 15. 0-0 b4 16. Na4 Qa6 17. dxe6 Bxg2 18. Kxg2 Qxe6 19. h4 Ne5 20. Qe2 Qc6+ 21. f3 Bd6 22. Qc2 Kb8 23. Rad1 Bc7 24. Rxd8+ Rxd8 25. b3 c3 26. Qf5 Nd3 27. h5 Rd5 28. Qe4 Qd6 29. Qe8+ Kb7 30. Qb5+ Ka8 31. Qe8+ Bb8 32. Bf4 Nxf4+ 33. gxf4 Rg5+ 34. Kh3 Rg3+ 35. Kh2 Qd2+ 36. Kxg3 Qxf4+ 37. Kf2 Qd2+ 0-1

[Event "Petroupoli op"]
[Site "Petroupoli"]
[Date "2013.10.23"]
[Round "5"]
[White "Savoglou, Nikolaos"]
[Black "Dionysopoulos, Zacharias"]
[Result "1-0"]
[WhiteElo "1998"]
[BlackElo "2047"]
[PlyCount "57"]
[EventDate "2013.09.25"]
[EventType "swiss"]
[EventRounds "7"]
[EventCountry "GRE"]
[SourceTitle "EXT 2014"]
[Source "ChessBase"]
[SourceDate "2013.11.20"]
[SourceVersion "1"]
[SourceVersionDate "2013.11.20"]
[SourceQuality "1"]

1. d4 d5 2. c4 c6 3. Nc3 Nf6 4. Nf3 e6 5. Bg5 h6 6. Bh4 dxc4 7. e4 g5 8. Bg3 b5 9. Be2 Bb7 10. Qc2 Nbd7 11. Rd1 Qb6 12. Ne5 Be7 13. Nxf7 Kxf7 14. e5 Raf8 15. exf6 Nxf6 16. 0-0 Ke8 17. Ne4 Nd5 18. Nd6+ Kd7 19. Nxb7 Qxb7 20. Be5 Bf6 21. Bg3 Kc8 22. Bg4 Qf7 23. Rfe1 Re8 24. Qe2 Kd7 25. Bh5 Qg7 26. Bxe8+ Rxe8 27. a4 Bxd4 28. axb5 cxb5 29. Qe4 1-0